Sixth Review of the Fund's Data Standards Initiatives.

The Data Standards Initiatives, the SDDS and the GDDS, have achieved the goals the Executive Board set in its Fifth Review of July 2003. The staff sees the next three years as a period of consolidating these gains by maintaining the credibility of the SDDS through improved monitoring of countries�...

Descrizione completa

Dettagli Bibliografici
Ente Autore: International Monetary Fund
Natura: Periodico
Lingua:English
Pubblicazione: Washington, D.C. : International Monetary Fund, 2005.
Serie:Policy Papers; Policy Paper ; No. 2005/010
Soggetti:
Accesso online:Full text available on IMF
LEADER 01794cas a2200253 a 4500
001 AALejournalIMF019786
008 230101c9999 xx r poo 0 0eng d
020 |c 5.00 USD 
020 |z 9781498331456 
022 |a 2663-3493 
040 |a BD-DhAAL  |c BD-DhAAL 
110 2 |a International Monetary Fund. 
245 1 0 |a Sixth Review of the Fund's Data Standards Initiatives. 
264 1 |a Washington, D.C. :  |b International Monetary Fund,  |c 2005. 
300 |a 1 online resource (52 pages) 
490 1 |a Policy Papers 
500 |a <strong>Off-Campus Access:</strong> No User ID or Password Required 
500 |a <strong>On-Campus Access:</strong> No User ID or Password Required 
506 |a Electronic access restricted to authorized BRAC University faculty, staff and students 
520 3 |a The Data Standards Initiatives, the SDDS and the GDDS, have achieved the goals the Executive Board set in its Fifth Review of July 2003. The staff sees the next three years as a period of consolidating these gains by maintaining the credibility of the SDDS through improved monitoring of countries' observance of its requirements, and further integrating both the SDDS and GDDS under the Fund's Data Quality Program (DQP) by aligning their structure with the Fund's Data Quality Assessment Framework (DQAF). The staff proposes to include no new data categories in the SDDS and GDDS. Instead, the staff proposes to deepen descriptive information on how countries cover oil and gas activities and products in selected existing data categories. 
538 |a Mode of access: Internet 
651 7 |a Papua New Guinea  |2 imf 
830 0 |a Policy Papers; Policy Paper ;  |v No. 2005/010 
856 4 0 |z Full text available on IMF  |u http://elibrary.imf.org/view/journals/007/2005/010/007.2005.issue-010-en.xml  |z IMF e-Library